000
00256nam a2200109Ia 4500
008
190216s9999||||xx |||||||||||||| ||und||
100
_a
Majithia
245
0
_a
Hindi-Mery Sresht Vyanga Rachanayam
260
_b
Jyan Bharathi
650
_a
Hindi
942
_c
BK
999
_c
15486
_d
15486